[Event "Tatry op"]
[Site "Tatranske Zruby"]
[Date "2014.10.03"]
[Round "7"]
[White "Janousek, Petr"]
[Black "Brunel, Julien"]
[Result "1-0"]
[WhiteElo "2174"]
[BlackElo "1909"]
[PlyCount "57"]
[EventDate "2014.09.28"]
[EventType "swiss"]
[EventRounds "9"]
[EventCountry "SVK"]
[SourceTitle "CBM 162 Extra"]
[Source "ChessBase"]
[SourceDate "2014.10.17"]
[SourceVersion "1"]
[SourceVersionDate "2014.10.17"]
[SourceQuality "1"]

1. e4 e6 2. d4 d5 3. Nd2 c6 4. Ngf3 Bd6 5. g3 Ne7 6. Bg2 0-0 7. 0-0 Nd7 8. Re1 b6 9. h4 Rb8 10. h5 Bb7 11. h6 g6 12. e5 Bc7 13. Nf1 c5 14. N1h2 Nc6 15. Ng4 Qe8 16. Bg5 Bd8 17. Qd2 Be7 18. Qf4 Qd8 19. c3 a6 20. Rad1 Bxg5 21. Nxg5 Qe7 22. c4 dxc4 23. dxc5 Nd4 24. Bxb7 Rxb7 25. Nf3 Nf5 26. Rxd7 Rxd7 27. Nf6+ Kh8 28. Nxd7 Qxd7 29. g4 1-0